| 000 | 00390nam a22001457a 4500 | ||
|---|---|---|---|
| 008 | 250716b |||||||| |||| 00| 0 eng d | ||
| 020 | _a9789789935246 | ||
| 050 |
_aHC1055 _b.I98 |
||
| 100 | _aIzu Iroro S. | ||
| 245 | _aMatrix and Praxis of Nigerian Political Economy | ||
| 260 |
_aN.P _bJoyce Publishers _c2021 |
||
| 300 | _ax, 184p. | ||
| 650 | _aEconomic, Political aspect | ||
| 942 | _cBK | ||
| 999 |
_c4327 _d4327 |
||